000 00324nam a22001337a 4500
008 170527b xxu||||| |||| 00| 0 eng d
020 _a9780132499477
041 _aeng
080 _a621.3
100 _a27
101 _aIM
245 _aELECTRICAL POWER DISTRIBUTION AND TRANSMISSION
_cFAULKENBERRY, L.M
942 _2udc
_cBK
999 _c14622
_d14622